00593nam a2200205Ia 4500008004100000020001800041050001400059100001700073245002500090245002000115260001400135260002400149260000900173300001400182300002200196300001000218440003700228999001900265952010300284180207s9999 xx 000 0 und d a9781570829680 bM659 1994 aMilne, A. A. aNight time mystery / cby A. A. Milne. aToronto : bRandom House, Inc., c1994 aunpaged : bchiefly colored ; c19cm. aWinnie the Pooh and his friends. c355697d355697 001040aSSISMbSSISMd2018-02-07l0oER M659 1994pSSISM5242r2018-02-07 00:00:00w2018-02-07yBK